Redemptoris Missio: carta encíclica sobre la permanente validez del mandato misionero
Salvato in:
| Autore principale: | |
|---|---|
| Natura: | Libro |
| Lingua: | spagnolo |
| Pubblicazione: |
Santiago
Ediciones Paulinas
1991
|
| Edizione: | 1a. ed |
| Serie: | Documentos de la Iglesia
|
| Soggetti: | |
| Tags: |
Aggiungi Tag
Nessun Tag, puoi essere il primo ad aggiungerne!!
|
MARC
| LEADER | 00000cam a2200000 a 4500 | ||
|---|---|---|---|
| 001 | UCE9710 | ||
| 003 | CL-VaPUC | ||
| 008 | 151029e19910000cl |||||||||||||||||spa|d | ||
| 082 | 0 | 4 | |a 266 |b JUA |2 21 |
| 100 | |a Juan Pablo II |e author |9 309920 | ||
| 245 | 1 | 0 | |a Redemptoris Missio: carta encíclica sobre la permanente validez del mandato misionero |
| 250 | |a 1a. ed | ||
| 300 | |a 149 p | ||
| 942 | |c BK | ||
| 945 | |d 20151029 22:28:00 |a gsalatino | ||
| 260 | |a Santiago |b Ediciones Paulinas |c 1991 | ||
| 650 | 7 | |a EVANGELIZACION |2 CL-VaPUC |9 582600 | |
| 650 | 7 | |a MISIONES |2 CL-VaPUC |9 269280 | |
| 650 | 0 | |a Encíclicas |9 255643 | |
| 583 | |a last modification |c 20151029 22:28:00 |k Rodrigo Vera | ||
| 490 | 0 | |a Documentos de la Iglesia | |
| 999 | |c 361355 |d 361353 | ||
| 952 | |0 0 |1 0 |3 erb |4 0 |6 266_000000000000000_JUA_1991 |7 0 |8 P |9 471795 |a BIBTEO |b BIBTES |c TEO_FTES |i 5208408 |o 266 JUA 1991 |p 5208408 |r 2024-01-18 |w 2019-11-24 |y BK |z Catalogado en:20151029 |k ICR | ||